Income Tax Ready Reckoner 2001-02 (Record no. 478570)

MARC details
000 -LEADER
fixed length control field 00640nam a2200205Ia 4500
008 - FIXED-LENGTH DATA ELEMENTS--GENERAL INFORMATION
fixed length control field 100315s9999 xx 000 0 und d
040 ## - CATALOGING SOURCE
Transcribing agency ENGLISH 
082 ## - DEWEY DECIMAL CLASSIFICATION NUMBER
Item number 3835 
Classification number 336.24 
100 ## - MAIN ENTRY--PERSONAL NAME
Personal name "Mehta, N.V. "
245 ## - TITLE STATEMENT
Title Income Tax Ready Reckoner 2001-02
260 ## - PUBLICATION, DISTRIBUTION, ETC. (IMPRINT)
Place of publication, distribution, etc Mumbai 
Name of publisher, distributor, etc Shree Kuber  
Date of publication, distribution, etc 2001 
300 ## - PHYSICAL DESCRIPTION
Extent 336p. 
365 ## - TRADE PRICE
Price note Rupees 
Unit of pricing
Price amount 300.00 
366 ## - TRADE AVAILABILITY INFORMATION
Publishers' discount category
505 ## - FORMATTED CONTENTS NOTE
Miscellaneous information Tushar Jadhav 
620 ## -
-- "Finance Act 2000, Exclusions from total income, Deductions From Gross total income "
630 ## - SUBJECT ADDED ENTRY--UNIFORM TITLE
Uniform title Income Tax Ready Reckoner 2001-02
730 ## - ADDED ENTRY--UNIFORM TITLE
Uniform title Income Tax Ready Reckoner 2001-02
942 ## - ADDED ENTRY ELEMENTS (KOHA)
Koha item type Book
Holdings
Withdrawn status Lost status Damaged status Not for loan Home library Current library Date acquired Cost, normal purchase price Total Checkouts Full call number Barcode Date last seen Price effective from Koha item type
        Dr. V. N. Bedekar Institute of Management Studies Library Dr. V. N. Bedekar Institute of Management Studies Library 01/25/2006 300.00   336.24 /MEH  3835  VPMBRIMS-3835  03/19/2010 03/19/2010 Book